| 000 | 00591nam a2200241Ia 4500 | ||
|---|---|---|---|
| 003 | OSt | ||
| 005 | 20250219150250.0 | ||
| 008 | 210210b1985 xxu||||| |||| 00| 0 eng d | ||
| 040 | _cAL | ||
| 041 | _aEnglish | ||
| 082 | _a652.3 RAOT | ||
| 100 |
_aRAO (R V Nagaraja). _9201343 |
||
| 245 | _aTextbook of touch typewriting. | ||
| 260 |
_aMysore. _bR S M Murthy, _c1985 |
||
| 300 | _a164 | ||
| 650 |
_atypewriting. _9201344 |
||
| 650 |
_atouch _9201345 |
||
| 650 |
_aTextbook _9201346 |
||
| 650 |
_aof _9201347 |
||
| 690 |
_aTypewriting _9201348 |
||
| 906 | _a037432 | ||
| 942 |
_2ddc _cBK |
||
| 999 |
_c87399 _d87399 |
||